BSOP header

The church in Western Europe from the tenth to the early twelfth century / (Record no. 2414)

MARC details
000 -LEADER
fixed length control field 00775nam a2200205 4500
008 - FIXED-LENGTH DATA ELEMENTS--GENERAL INFORMATION
fixed length control field 010713s1993 enk 1 engCA
020 ## - INTERNATIONAL STANDARD BOOK NUMBER
International Standard Book Number 0521437113
090 ## - LOCALLY ASSIGNED LC-TYPE CALL NUMBER (OCLC); LOCAL CALL NUMBER (OCLC)
Classification number (OCLC) (R) ; Classification number, CALL (RLIN) (NR) BR270
Local cutter number (OCLC) ; Book number/undivided call number, CALL (RLIN) T23
100 1# - MAIN ENTRY--PERSONAL NAME
Personal name Tellenbach, Gerd
245 10 - TITLE STATEMENT
Title The church in Western Europe from the tenth to the early twelfth century /
Statement of responsibility, etc Gerd Tellenbach; trans. by Timothy Reuter
260 ## - PUBLICATION, DISTRIBUTION, ETC. (IMPRINT)
Place of publication, distribution, etc Cambridge :
Name of publisher, distributor, etc Cambridge University Press,
Date of publication, distribution, etc c1993.
300 ## - PHYSICAL DESCRIPTION
Extent xix, 403 p.
490 1# - SERIES STATEMENT
Series statement Cambridge medieval textbooks
504 ## - BIBLIOGRAPHY, ETC. NOTE
Bibliography, etc Includes index.
504 ## - BIBLIOGRAPHY, ETC. NOTE
Bibliography, etc Select. biblio. : pp. 254-378.
534 ## - ORIGINAL VERSION NOTE
Main entry of original Die westliche Kirche vom 10. bis zum 12. Jahrhundert.
651 #4 - SUBJECT ADDED ENTRY--GEOGRAPHIC NAME
Geographic name Europe
General subdivision Church history
Chronological subdivision Middle Ages, 600-1500
700 1# - ADDED ENTRY--PERSONAL NAME
Personal name Reuter, Timothy
951 ## - EQUIVALENCE OR CROSS-REFERENCE-GEOGRAPHIC NAME/AREA NAME [OBSOLETE] [CAN/MARC only]
-- 16197
-- BR270/T23
-- 070613110936671
-- 2000-12-21
-- REF
Holdings
Withdrawn status Lost status Damaged status Not for loan Home library Current library Shelving location Date acquired Accession number Shelving control number Total Checkouts Full call number Date last seen Price effective from Koha item type
        BSOP Library BSOP Library Reference 12/21/2000 16197 127   BR270/T23 02/23/2013 02/23/2013 Books
BSOP

Biblical Seminary of the Philippines
  All rights Reserved
  © 2024

CONTACT INFORMATION

Biblical Seminary of the Philippines,
  77-B Karuhatan Road, Valenzuela City,
  PHILIPPINES 1441
  Phone: +632 8292-6795 / 8292-6798
  Fax : +632 8292-6675
  Email: library@bsop.edu.ph